Albumy studyjne zespołu Radiohead - Statystyki

Ogólne statystyki
  • Ten quiz został rozwiązany 40 razy
  • Średni wynik to 7 z 9
Statystyki odpowiedzi
Rok Album % Poprawnych
1997 OK Computer
100%
2007 In Rainbows
89%
2000 Kid A
89%
1993 Pablo Honey
87%
1995 The Bends
87%
2001 Amnesiac
68%
2016 A Moon Shaped Pool
68%
2003 Hail to the Thief
63%
2011 The King of Limbs
58%
Nie znaleziono quizów pasujących do podanych kryteriów
Rozkład punktacji
Procent ludzi z każdym wynikiem
Percentyl według liczby udzielonych odpowiedzi
Twoja historia wyników
Nie rozwiązałeś tego quizu